Soccer players by Continent - North America - Statistics

General Stats
  • This quiz has been taken 37 times
  • The average score is 8 of 11
Answer Stats
Name Answer % Correct
Raul Jimenez Mexico
100%
Weston McKennie United States
100%
Alphonso Davies Canada
93%
Keylor Navas Costa Rica
93%
Leon Bailey Jamaica
86%
Roman Torres Panama
79%
Junior Firpo Dominican Republic
66%
Alberth Elis Honduras
66%
Nelson Bonilla El Salvador
38%
Kevin Lafrance Haiti
38%
Joevin Jones Trinidad and Tobago
28%
No matching quizzes found
Score Distribution
Percent of People with Each Score
Percentile by Number Answered
Your Score History
You have not taken this quiz